Jihad in Classical and Modern Islam: a reader / (Record no. 13321)
[ view plain ]
| 000 -LEADER | |
|---|---|
| fixed length control field | 00419nam a2200157 a 4500 |
| 020 ## - INTERNATIONAL STANDARD BOOK NUMBER | |
| ISBN | 1558761098 |
| 020 ## - INTERNATIONAL STANDARD BOOK NUMBER | |
| ISBN | 978-1558761094 |
| 100 1# - MAIN ENTRY--AUTHOR NAME | |
| Personal name | Peters, Rudolph. |
| 245 10 - TITLE STATEMENT | |
| Title | Jihad in Classical and Modern Islam: a reader / |
| 260 ## - PUBLICATION, DISTRIBUTION, ETC. (IMPRINT) | |
| Place of publication | [S.l.] : |
| Name of publisher | E J, |
| Year of publication | 1977. |
| 300 ## - PHYSICAL DESCRIPTION | |
| Number of Pages | 90 p. ; |
| 650 ## - SUBJECT ADDED ENTRY--TOPICAL TERM | |
| Topical Term | Jihad. |
| 650 ## - SUBJECT ADDED ENTRY--TOPICAL TERM | |
| Topical Term | Islam--Doctrines. |
| 856 40 - ELECTRONIC LOCATION AND ACCESS | |
| Uniform Resource Identifier | http://www.amazon.com/exec/obidos/ASIN/chopaconline-20 |
| 942 ## - ADDED ENTRY ELEMENTS (KOHA) | |
| Koha item type | Books |
| Withdrawn status | Lost status | Home library | Current library | Date acquired | Cost, normal purchase price | Full call number | Accession Number | Koha item type |
|---|---|---|---|---|---|---|---|---|
| Central Library, QUEST, Nawabshah | Central Library, QUEST, Nawabshah | 24/04/2015 | 156.00 | 297.3215PET | 9569 | Books |